Legends of Sport - Statistics

General Stats
  • This quiz has been taken 22 times
  • The average score is 9 of 15
Answer Stats
Picture Answer % Correct
Mike Tyson
100%
Tiger Woods
100%
Michael Jordan
95%
Babe Ruth
75%
Magic Johnson
75%
Michael Schumacher
70%
Ronaldinho
70%
Steve Austin
65%
Wayne Gretzky
65%
Alex Morgan
50%
Barry Bonds
35%
John Elway
35%
Arnold Palmer
30%
Jerry Rice
25%
Jaromír Jágr
20%
No matching quizzes found
Score Distribution
Percent of People with Each Score
Percentile by Number Answered
Your Score History
You have not taken this quiz